| 000 | 01244cam a2200325 i 4500 | ||
|---|---|---|---|
| 999 |
_c26243 _d26243 |
||
| 001 | 26243 | ||
| 003 | Mx-PuUPA | ||
| 005 | 20191008155445.0 | ||
| 008 | 140415s2004 gw a r 000 0 ger d | ||
| 020 | _a9783451273780 | ||
| 040 |
_aMx-PuUPA _bspa _cMx-PuUPA _dMx-PuUPA _erda |
||
| 041 | 0 | _ager | |
| 245 | 0 | 0 |
_aEdith Stein. _n8. _pEinführung in die Philosophie / _cClaudia Mariéle Wulf, editor ; Hanna-Barbara Gerl-Falkovitz, colaborador ; Internationales Edith Stein Institut |
| 246 | 3 | 1 | _aEdith Stein Gesamtausgabe. ESGA |
| 250 |
_a2. auflage _b |
||
| 264 | 4 |
_aFreiburg im breisgau : _bVerlag Herder GmbH, _c©2004 |
|
| 300 |
_axliv, 235 páginas : _bilustraciones ; _c22 cm. |
||
| 336 |
_2rdacontent _atexto _btxt |
||
| 337 |
_2rdamedia _asin medio _bn |
||
| 338 |
_2rdacarrier _avolumen _bnc |
||
| 490 | 0 | _aB. Philosophische Schriften | |
| 490 | 0 |
_aAbteilung 1. Frühe Phänomenologie ; _v4 |
|
| 600 | 1 | 4 |
_aEdith Stein, -- Santa, _d1891-1942 _xFilosofía |
| 700 | 1 |
_aWulf, Claudia Mariéle, _eeditor |
|
| 700 | 1 |
_aGerl-Falkovitz, Hanna-Barbara, _ecolaborador |
|
| 710 | 2 | _aInternationales Edith Stein Institut | |
| 942 |
_2ddc _cLI _h271.971022 _iE234 |
||